000 00991nam a2200217 i 4500
001 164474
003 ES-MaACL
005 20250828061028.0
008 990308s1898 sp |||| | spa d
040 _aCCPB | B
_bspa
_cCCPB | B
100 1 _aSalvá, Anselmo,
_d1849-1922
_9102053
245 1 0 _aEducación indirecta
_b: ligeros apuntes /
_cpor Anselmo Salvá.
260 _aBurgos :
_b[s.n.],
_c1898 (
_fImp. y lib. de Hijos de Santiago Rodríguez)
300 _a143 p. ;
_c20 cm.
530 _aDisponible en formato digital.
650 7 _aEducación popular
_2embne
_912118
852 _aES-MaACL
_jT-957-F-2
_z-- Enc. hol., conservnado la enc. original
_z-- Enc. en un vol. facticio
852 _aES-MaACL
_jT-866-F-1
_z-- Enc. hol., falto de la cub. original
_z-- Enc. en un vol. facticio
856 _uhttp://bibliotecadigitalhispanica.bne.es:80/webclient/DeliveryManager?pid=3424467&custom_att_2=simple_viewer
_zBiblioteca Digital Hispánica
999 _c164474
_d164474